Framework for a national register for contractors : a report by Working Group 5 of the Construction Industry Board. (Record no. 93745)

MARC details
000 -LEADER
fixed length control field 01228cam a2200301 4500
008 - FIXED-LENGTH DATA ELEMENTS--GENERAL INFORMATION
fixed length control field 090401t1997 xxu||||| |||| 00| 0 eng d
020 ## - INTERNATIONAL STANDARD BOOK NUMBER
International Standard Book Number 0727725440
035 ## - SYSTEM CONTROL NUMBER
System control number (Sirsi) u56220
041 ## - LANGUAGE CODE
Language code of text/sound track or separate title eng
050 ## - LIBRARY OF CONGRESS CALL NUMBER
Classification number 692.8
110 ## - MAIN ENTRY--CORPORATE NAME
Corporate name or jurisdiction name as entry element Construction Industry Board
9 (RLIN) 2991
245 ## - TITLE STATEMENT
Title Framework for a national register for contractors : a report by Working Group 5 of the Construction Industry Board.
260 ## - PUBLICATION, DISTRIBUTION, ETC.
Place of publication, distribution, etc. London
Name of publisher, distributor, etc. Thomas Telford Publishing
Date of publication, distribution, etc. 1997
300 ## - PHYSICAL DESCRIPTION
Extent 42p. : ill. ; 30cm.
350 ## - PRICE (NR) (BK AM CF MU VM SE) [OBSOLETE]
Price 0
490 ## - SERIES STATEMENT
Series statement Working Group
Volume/sequential designation 5
520 ## - SUMMARY, ETC.
Summary, etc. CIB was set up under the chairmanship of Sir Michael Latham to implement the recommendations of the Latham Report Constructing the Team. This report recommends that the DoE`s Contractor Management Information System (CMIS) be developed as a national qualification system for an approved contractors list for public sector construction work in the UK.
650 ## - SUBJECT ADDED ENTRY--TOPICAL TERM
Topical term or geographic name entry element CMIS
650 ## - SUBJECT ADDED ENTRY--TOPICAL TERM
Topical term or geographic name entry element CONSTRUCTION INDUSTRY
650 ## - SUBJECT ADDED ENTRY--TOPICAL TERM
Topical term or geographic name entry element CONSTRUCTION MANAGEMENT INFORMATION SYSTEM
650 ## - SUBJECT ADDED ENTRY--TOPICAL TERM
Topical term or geographic name entry element NATIONAL REGISTER OF CONTRACTORS
650 ## - SUBJECT ADDED ENTRY--TOPICAL TERM
Topical term or geographic name entry element PUBLIC SECTOR
650 ## - SUBJECT ADDED ENTRY--TOPICAL TERM
Topical term or geographic name entry element WG5
650 ## - SUBJECT ADDED ENTRY--TOPICAL TERM
Topical term or geographic name entry element WORKING GROUP 5
690 ## - LOCAL SUBJECT ADDED ENTRY--TOPICAL TERM (OCLC, RLIN)
Topical term or geographic name as entry element BUILT ENVIRONMENT
942 ## - ADDED ENTRY ELEMENTS (KOHA)
Suppress in OPAC 0
948 ## - LOCAL PROCESSING INFORMATION (OCLC); SERIES PART DESIGNATOR (RLIN)
c (OCLC) 04/03/1997
Holdings
Withdrawn status Lost status Source of classification or shelving scheme Damaged status Not for loan Home library Current library Shelving location Date acquired Total Checkouts Full call number Barcode Date last seen Date last checked out Copy number Price effective from Koha item type
    Dewey Decimal Classification     London London Folio 20/02/1997 1 F692.8 CON 30052134 06/08/2019 15/09/1999 1 06/08/2019 Book
    Dewey Decimal Classification     London London Folio 01/05/2007   F692.8 CON 30073841 06/08/2019   3 06/08/2019 Book